000 00500nam a2200181Ia 4500
005 20250508152654.0
008 008 250505s9999 xx 000 0 hin d
037 _aTextual
040 _aFEDL
_beng
_cFEDL
041 _ahin
_2hin
084 _a954, SAR
_qFEDL
100 _aSarkar Jadunath
245 0 _aYug yugeen Bharat
260 _aAgra, India
_bShivalal Agarwala and Company Private Limited
_c1948
300 _a137p
942 _cTEXL
_h954, SAR
999 _c1337951
_d1337951